| 000 | 00488nam a2200181Ia 4500 | ||
|---|---|---|---|
| 003 | OSt | ||
| 005 | 20250131093310.0 | ||
| 008 | 210716s1960 xx 000 0 und d | ||
| 040 | _cAIMIT LIBRARY | ||
| 041 | _aeng | ||
| 082 |
_a808.83 _21 _bWHIH |
||
| 100 |
_aWhittington, Harry. _9196511 |
||
| 245 |
_aDie, lover / _cBy Harry Whittington. |
||
| 250 | _a1st ed. | ||
| 260 |
_aNew York : _bAvon Books ; _c1960. |
||
| 300 |
_a143p. ; _bPB _c17 cm. |
||
| 942 |
_2ddc _cBK _e1st ed. _k808.83 WHIH |
||
| 999 |
_c200065 _d200065 |
||